|
Lyrics |
All | | 93.9% | All | | 93.9% | All | | 93.9% | All | | 93.9% | All | | 93.9% | Snow | | 93.5% | falling, | | 93.5% | Snow | | 93.5% | falling, | | 93.5% | Snow | | 93.5% | falling, | | 93.5% | Snow | | 93.5% | falling, | | 93.5% | Snow | | 93.5% | falling, | | 93.5% | It's | | 92.8% | It's | | 92.8% | It's | | 92.8% | It's | | 92.8% | It's | | 92.8% | around | | 92.7% | around | | 92.7% | around | | 92.7% | around | | 92.7% | around | | 92.7% | Love | | 92.5% | love | | 92.5% | Love | | 92.5% | Love | | 92.5% | Love | | 92.5% | Love | | 92.5% | playing, | | 92.2% | playing, | | 92.2% | playing, | | 92.2% | playing, | | 92.2% | playing, | | 92.2% | playing, | | 92.2% | Children | | 92% | Children | | 92% | Children | | 92% | Children | | 92% | Children | | 92% | fun. | | 91.6% | fun, | | 91.6% | fun, | | 91.6% | fun, | | 91.6% | fun, | | 91.6% | Having | | 91.3% | Having | | 91.3% | having | | 91.3% | Having | | 91.3% | Having | | 91.3% | season, | | 91% | season, | | 91% | season, | | 91% | season, | | 91% | season, | | 91% | understanding, | | 89.9% | understanding, | | 89.9% | understanding, | | 89.9% | understanding, | | 89.9% | understanding | | 89.9% | to | | 89.4% | to | | 89.4% | for | | 86.2% |
|
Lyrics |
for | | 86.2% | for | | 86.2% | We're | | 85% | We'll | | 85% | kiss | | 85% | we | | 85% | We're | | 85% | We'll | | 85% | kiss | | 85% | party | | 84.3% | party | | 84.3% | gonna | | 83.8% | gonna | | 83.8% | gonna | | 83.8% | gonna | | 83.8% | have | | 83.6% | have | | 83.6% | Time | | 83.4% | Time | | 83.4% | Time | | 83.4% | mistletoe, | | 83.1% | mistletoe, | | 83.1% | underneath | | 82.9% | underneath | | 82.9% | tonight, | | 81.7% | tonight, | | 81.7% | that | | 80.5% | that | | 80.5% | that | | 80.5% | songs. | | 80% | songs, | | 80% | girl | | 77% | girl | | 77% | by | | 74.9% | by | | 74.9% | find | | 73.9% | find | | 73.9% | singing | | 72.9% | candlelight. | | 72.9% | candlelight. | | 72.9% | night | | 72.2% | presents, | | 69.8% | celebration, | | 69.5% | year. | | 69.1% | long, | | 68.9% | What | | 68.9% | dancing | | 68.3% | wish | | 67.6% | old | | 67.1% | way | | 66.4% | kisses, | | 66.2% | hear, | | 66.2% | People | | 65.7% | exchanging | | 65.2% | nice | | 64.8% | spend | | 64.8% | everyday | | 63.7% | was | | 63.7% | records | | 62.5% | parties | | 62.1% | Ooh | | 58.2% | swaying, | | 54.6% | Room | | 52.6% |
|
Comments